000 01069nam a2200253 4500
001 0000015380
005 20250329172015.0
007 ta
008 160627s1994 000 0 eng d
020 _a847583535X
040 _aCO-CtgCURN
_bspa
_ccoctgcurn
082 0 _aR913.358
_bR61m
100 1 _aRoaf, Michael.
245 1 0 _aMesopotamia :
_by el antiguo oriente medio /
_cMichael Roaf.
260 1 _aMadrid : :
_bFolio,,
_c1994.
300 _a120 p.
490 1 _aColección atlas cultural del mundo
500 _aIncluye indice.
505 8 _aCaracteristicas de los yacimientos.--Jerico, Chatal Huyuk.--Tell Madhhur.--Lista de reyes.--Reyes de agade.--La tercera dinastia de Ur.--Reyes de Mesopotamia y elam, hacia 2000-1600 a.c.--Mapas.--Mapa fisico de oriente medio.--Introducción de la agricultura.--Avances de los mares apartir del ultimo periodo glacial
650 1 4 _aCiudades y pueblos
_xHistoria
_zMesopotamia.
908 _a160627
942 _cREF
_hR913.358
_iR61m
999 _c7191
_d7191